Labour and industrial law of Bangladesh : with upto date amendments and case laws /

Podrobná bibliografie
Hlavní autor: Chowdhury, A.K.M. Mohsanuddin Ahmed
Médium: Kniha
Jazyk:English
Bengali
Vydáno: Chittagong : Ahmed & Co., Advocates, 2003.
Vydání:Second edition.
Témata:
Classic Catalogue: View this record in Classic Catalogue
LEADER 01141nam a22002417a 4500
001 36719
003 BD-DhAAL
005 20250917205102.0
008 191124t20031996bg a|||| |||| 00| 0 eng d
040 |a BD-DhAAL  |c BD-DhAAL 
041 |a eng  |a ben 
082 |a 344.549201  |2 21 
100 |a Chowdhury, A.K.M. Mohsanuddin Ahmed.  |9 37563 
245 |a Labour and industrial law of Bangladesh :  |b with upto date amendments and case laws /  |c A.K.M. Mohsanuddin Ahmed Chowdhury. 
250 |a Second edition. 
260 |a Chittagong :  |b Ahmed & Co., Advocates,  |c 2003. 
300 |a 742 pages :  |b illustrations ;  |c 20 cm. 
541 |a Complimentary copy from Professor Dr. Nasreen Khundker.  |e 36719 
650 |a Labor laws and legislation  |z Bangladesh.  |9 37564 
852 |a Ayesha Abed Library   |c General Stacks 
942 |2 ddc  |c BK 
999 |c 41895  |d 41895 
952 |0 0  |1 0  |2 ddc  |4 0  |6 344_549201000000000_CHO  |7 0  |9 67262  |a BRACUL  |b BRACUL  |c GEN  |d 2019-11-24  |e Complimentary copy from Professor Dr. Nasreen Khundker.  |g 500.00  |l 0  |o 344.549201 CHO  |p 3010036719  |r 2025-09-18  |t 1  |v 1000.00  |w 2019-11-24  |y BK  |x Koha Inventory 2020 ; Previously missing book recovered on 17 September 2025